[Event "HUN-chT2 Asztalos 0708"]
[Site "Hungary"]
[Date "2008.04.27"]
[Round "10"]
[White "Beres, Kornel"]
[Black "Kadar, Gabor"]
[Result "1/2-1/2"]
[WhiteElo "2142"]
[BlackElo "2227"]
[PlyCount "84"]
[EventDate "2007.10.14"]
[EventType "team"]
[EventRounds "11"]
[EventCountry "HUN"]
[SourceTitle "EXT 2009"]
[Source "ChessBase"]
[SourceDate "2008.11.26"]
[SourceVersion "1"]
[SourceVersionDate "2008.11.26"]
[SourceQuality "1"]
[WhiteTeam "Nagyatad"]
[BlackTeam "Pannonpower II"]
[WhiteTeamCountry "HUN"]
[BlackTeamCountry "HUN"]

1. d4 Nf6 2. Nf3 g6 3. Bf4 Bg7 4. e3 d6 5. Be2 Nh5 6. Bg3 Nxg3 7. hxg3 Nd7 8. c3 e5 9. Nbd2 Qe7 10. dxe5 dxe5 11. e4 Nc5 12. b4 Ne6 13. Nb3 Bd7 14. Qc2 0-0 15. 0-0 Ba4 16. Qb2 f5 17. exf5 gxf5 18. Bc4 b5 19. Bxe6+ Qxe6 20. Nc5 Qc6 21. a3 Kh8 22. Ng5 Bf6 23. Nge6 Rg8 24. Qe2 Rae8 25. Nxa4 bxa4 26. Nc5 e4 27. Rac1 Re5 28. Qc2 e3 29. f4 Rd5 30. Rf3 Bh4 31. Rxe3 Rxc5 32. bxc5 Qxc5 33. Qf2 Qxa3 34. Rce1 Bf6 35. Qc2 Qc5 36. Kf1 a3 37. Qb3 Qa5 38. Re8 Qa6+ 39. Kg1 Qb6+ 40. Qxb6 axb6 41. Rxg8+ Kxg8 42. Ra1 Bxc3 1/2-1/2

[Event "HUN-chT2 Asztalos 0506"]
[Site "Hungary"]
[Date "2005.10.30"]
[Round "2"]
[White "Javor, Sandor"]
[Black "Beres, Kornel"]
[Result "0-1"]
[WhiteElo "2203"]
[BlackElo "2136"]
[PlyCount "136"]
[EventDate "2005.10.16"]
[EventType "team"]
[EventRounds "11"]
[EventCountry "HUN"]
[SourceTitle "EXT 2009"]
[Source "ChessBase"]
[SourceDate "2008.11.26"]
[SourceVersion "1"]
[SourceVersionDate "2008.11.26"]
[SourceQuality "1"]
[WhiteTeam "Bajai"]
[BlackTeam "Nagyatad"]
[WhiteTeamCountry "HUN"]
[BlackTeamCountry "HUN"]

1. e4 Nf6 2. d3 d5 3. f3 dxe4 4. dxe4 Qxd1+ 5. Kxd1 Nc6 6. Be3 Bd7 7. c3 0-0-0 8. Kc2 a6 9. Nd2 e6 10. b4 Kb8 11. a4 Na7 12. Nh3 h6 13. Be2 Be7 14. Rhb1 e5 15. Nf2 Ne8 16. b5 axb5 17. axb5 b6 18. Nc4 f6 19. Rb2 Nc8 20. f4 exf4 21. Bxf4 g5 22. Bg3 f5 23. e5 Be6 24. Nd1 g4 25. Bf4 Bg5 26. g3 Bxf4 27. gxf4 Ng7 28. Nde3 Nh5 29. Rf1 Ne7 30. Rf2 Nd5 31. Nxd5 Bxd5 32. Bd3 Ng7 33. Ne3 Be6 34. Rb4 h5 35. Rf1 h4 36. Ra4 Rhe8 37. Rfa1 Kc8 38. Kd2 Kd7 39. Nc2 Bb3 40. Rd4+ Ke7 41. Rxd8 Rxd8 42. Nd4 Bd5 43. Ke3 Rf8 44. c4 Bg2 45. Ra7 Kd7 46. Kf2 Bh3 47. Ra2 Ne6 48. Nxe6 Kxe6 49. Ra7 Rd8 50. Ke3 Rd7 51. c5 g3 52. hxg3 hxg3 53. c6 g2 54. Bc4+ Ke7 55. Ra1 Rd8 56. Be2 Ra8 57. Rg1 Ra3+ 58. Kf2 Rc3 59. Bf3 Rb3 60. Bxg2 Bg4 61. Rh1 Rxb5 62. Rh7+ Kd8 63. Rd7+ Ke8 64. Rxc7 Rc5 65. Rb7 b5 66. Ke3 Bd1 67. Kd4 Rc2 68. Bd5 Be2 0-1

[Event "HUN-chT2 Asztalos 0405"]
[Site "Hungary"]
[Date "2005.02.06"]
[Round "7"]
[White "Szotak, Laszlo"]
[Black "Beres, Kornel"]
[Result "1/2-1/2"]
[WhiteElo "2113"]
[BlackElo "2140"]
[PlyCount "20"]
[EventDate "2004.09.26"]
[EventType "team"]
[EventRounds "11"]
[EventCountry "HUN"]
[SourceTitle "EXT 2009"]
[Source "ChessBase"]
[SourceDate "2008.11.26"]
[SourceVersion "1"]
[SourceVersionDate "2008.11.26"]
[SourceQuality "1"]
[WhiteTeam "Szenna Pack II"]
[BlackTeam "Nagyatad"]
[WhiteTeamCountry "HUN"]
[BlackTeamCountry "HUN"]

1. e4 Nf6 2. e5 Nd5 3. d4 Nb6 4. c3 d6 5. f4 g6 6. Nf3 Bg7 7. Bd3 Bg4 8. 0-0 e6 9. Qe1 Bxf3 10. Rxf3 d5 1/2-1/2

[Event "HUN-chT2 Asztalos 0203"]
[Site "Hungary"]
[Date "2002.12.08"]
[Round "4"]
[White "Beres, Kornel"]
[Black "Balazs, Imre"]
[Result "1/2-1/2"]
[WhiteElo "2110"]
[BlackElo "2112"]
[PlyCount "31"]
[EventDate "2002.09.22"]
[EventType "team"]
[EventRounds "11"]
[EventCountry "HUN"]
[SourceTitle "EXT 2009"]
[Source "ChessBase"]
[SourceDate "2008.11.26"]
[SourceVersion "1"]
[SourceVersionDate "2008.11.26"]
[SourceQuality "1"]

1. e4 e5 2. f4 exf4 3. Nf3 d6 4. d4 g5 5. Bc4 g4 6. 0-0 gxf3 7. Qxf3 Qf6 8. e5 dxe5 9. dxe5 Qxe5 10. Bxf7+ Kxf7 11. Bxf4 Qf5 12. Qe2 Nf6 13. Be5 Bc5+ 14. Kh1 Re8 15. Rxf5 Bxf5 16. Qc4+ 1/2-1/2